Neutral Minecraft Mobs - Statistics

General Stats
  • This quiz has been taken 11 times
  • The average score is 7 of 16
Answer Stats
Answer % Correct
Bee
56%
Cave Spider
56%
Enderman
56%
Iron Golem
56%
Llama
56%
Panda
56%
Spider
56%
Wolf
56%
Dolphin
44%
Goat
44%
Piglin
44%
Polar Bear
44%
Trader Llama
33%
Drowned
22%
Fox
22%
Zombified Piglin
22%
No matching quizzes found
Score Distribution
Percent of People with Each Score
Percentile by Number Answered
Your Score History
You have not taken this quiz